Statistiques concernant Les gens au pays - Quiz d'images #12

Cliquez ici pour prendre le quiz!

Statistiques générales

  • Ce quiz a été pris 62 fois
  • Le résultat moyen est 9 sur 15

Statistiques - réponses

Answer % Correct
Chine
97%
France
95%
Espagne
91%
France
91%
Japon
90%
Royaume-Uni
74%
Allemagne
69%
États-Unis
64%
États-Unis
62%
Russie
53%
Georgie
43%
Egypte
33%
Italie
21%
Turquie / Gréce
21%
Haiti
3%

Distribution des résultats

Percentile by Number Answered

% des personnes avec chaque résultat

Votre développement - résultats

Vous n’avez pas pris ce quiz